TOP 10 krajów, które spożywają najwięcej pizzy - Statystyki

Ogólne statystyki
  • Ten quiz został rozwiązany 52 razy
  • Średni wynik to 8 z 10
Statystyki odpowiedzi
Hint Odpowiedź % Poprawnych
5. Włochy
98%
2. Stany Zjednoczone
94%
10. Chiny
92%
4. Niemcy
92%
7. Francja
88%
6. Rosja
86%
9. Japonia
82%
3. Wielka Brytania
80%
8. Australia
68%
1. Norwegia
22%
Nie znaleziono quizów pasujących do podanych kryteriów
Rozkład punktacji
Procent ludzi z każdym wynikiem
Percentyl według liczby udzielonych odpowiedzi
Twoja historia wyników
Nie rozwiązałeś tego quizu